[Event "Chigorin Memorial 27th"]
[Site "St Petersburg"]
[Date "2019.10.07"]
[Round "3"]
[White "Ponfilenok, Vladimir"]
[Black "Zontakh, Andrey"]
[Result "0-1"]
[WhiteElo "2348"]
[BlackElo "2485"]
[PlyCount "86"]
[EventDate "2019.10.05"]
[EventType "swiss"]
[EventRounds "9"]
[EventCountry "RUS"]
[SourceTitle "EXT 2020"]
[Source "ChessBase"]
[SourceDate "2019.10.17"]
[SourceVersion "1"]
[SourceVersionDate "2019.10.17"]
[SourceQuality "1"]

1. d4 Nf6 2. c4 e6 3. g3 d5 4. Nf3 dxc4 5. Bg2 a6 6. 0-0 Nc6 7. e3 Bd7 8. Qe2 Bd6 9. Qxc4 0-0 10. Nc3 Rb8 11. b3 e5 12. dxe5 Nxe5 13. Nxe5 Bxe5 14. Rd1 Qe7 15. Bb2 Be6 16. Qe2 c6 17. h3 Rbd8 18. f4 Bxc3 19. Bxc3 Bd5 20. Bxf6 Qxf6 21. e4 Be6 22. Rxd8 Rxd8 23. Rd1 g6 24. Rd2 Qe7 25. Qd1 Qc5+ 26. Kh2 Rxd2 27. Qxd2 Qe7 28. Qd4 h5 29. Kg1 Kh7 30. e5 Qa3 31. Qd2 a5 32. Qe2 a4 33. Be4 axb3 34. axb3 Kg7 35. Kh2 Qxb3 36. f5 gxf5 37. Qxh5 Qe3 38. Bg2 Qd2 39. Qh4 c5 40. Qf6+ Kg8 41. h4 c4 42. h5 Kh7 43. g4 Qf4+ 0-1

[Event "Chigorin Memorial 26th"]
[Site "St Petersburg"]
[Date "2018.11.04"]
[Round "9"]
[White "Zontakh, Andrey"]
[Black "Gomes, Mary Ann"]
[Result "1/2-1/2"]
[WhiteElo "2507"]
[BlackElo "2302"]
[PlyCount "116"]
[EventDate "2018.10.27"]
[EventType "swiss"]
[EventRounds "9"]
[EventCountry "RUS"]
[SourceTitle "CBM 187 Extra"]
[Source "ChessBase"]
[SourceDate "2018.11.04"]
[SourceVersion "1"]
[SourceVersionDate "2018.11.04"]
[SourceQuality "1"]

1. e4 c5 2. Nf3 d6 3. d4 cxd4 4. Nxd4 Nf6 5. Nc3 a6 6. Be2 e5 7. Nf3 Be7 8. Bg5 Be6 9. Bxf6 Bxf6 10. Qd2 Nc6 11. Nd5 Bxd5 12. Qxd5 Qb6 13. Rb1 Ne7 14. Qb3 Qxb3 15. axb3 d5 16. 0-0 0-0-0 17. Bd3 dxe4 18. Bxe4 g5 19. Bd3 g4 20. Nd2 Bg7 21. Rbe1 f5 22. f3 gxf3 23. gxf3 b5 24. Re2 Rhf8 25. Ra1 Rd6 26. Nf1 e4 27. fxe4 Bxb2 28. Rb1 Bd4+ 29. Kh1 f4 30. e5 Re6 31. Nd2 f3 32. Rf1 f2 33. Ne4 Ng6 34. Ng5 Re7 35. e6 Nf4 36. Re4 Bb6 37. h4 Nh5 38. Kg2 h6 39. Nf7 Rg8+ 40. Kf3 Rg3+ 41. Ke2 Rxe6 42. Rxe6 Nf4+ 43. Kd2 Nxe6 44. Nd6+ Kc7 45. Nf5 Rg1 46. Ne3 Rxf1 47. Bxf1 Nf4 48. c4 bxc4 49. Nxc4 Bc5 50. Ne5 Nh5 51. Bxa6 Ng3 52. Ng4 h5 53. Nh2 Kb6 54. Bc4 Be7 55. Nf1 Bxh4 56. Nxg3 Bxg3 57. Ke2 h4 58. b4 h3 1/2-1/2

[Event "Chigorin Memorial 26th"]
[Site "St Petersburg"]
[Date "2018.11.01"]
[Round "6"]
[White "Tsvetkov, Andrey1111"]
[Black "Zontakh, Andrey"]
[Result "1-0"]
[WhiteElo "2264"]
[BlackElo "2507"]
[PlyCount "83"]
[EventDate "2018.10.27"]
[EventType "swiss"]
[EventRounds "9"]
[EventCountry "RUS"]
[SourceTitle "CBM 187 Extra"]
[Source "ChessBase"]
[SourceDate "2018.11.04"]
[SourceVersion "1"]
[SourceVersionDate "2018.11.04"]
[SourceQuality "1"]

1. d4 Nf6 2. c4 g6 3. Nc3 d5 4. cxd5 Nxd5 5. e4 Nxc3 6. bxc3 Bg7 7. Nf3 c5 8. Be3 Qa5 9. Nd2 cxd4 10. Nc4 Qd8 11. cxd4 0-0 12. Rc1 f5 13. exf5 gxf5 14. g3 Nc6 15. d5 Nb4 16. Bg2 b5 17. Qb3 bxc4 18. Qxb4 Ba6 19. 0-0 Rb8 20. Qa4 Bb5 21. Qxa7 c3 22. Rfe1 Ra8 23. Qc5 Qd7 24. d6 exd6 25. Qd5+ Kh8 26. Bd4 Rae8 27. Bxg7+ Kxg7 28. Qd4+ Kg6 29. Qxc3 Rxe1+ 30. Rxe1 Re8 31. Rd1 Ba4 32. Rb1 Qe6 33. h4 Qe5 34. Qc4 Bd7 35. Rb7 Be6 36. Qc7 Bg8 37. Bf3 Rf8 38. Qc1 f4 39. Qc2+ Kf6 40. g4 Rf7 41. Rb8 Kg7 42. Qc8 1-0

[Event "Poti op 12th"]
[Site "Poti"]
[Date "2017.07.20"]
[Round "7"]
[White "Zontakh, Andrey"]
[Black "Muradli, Mahammad"]
[Result "1-0"]
[WhiteElo "2520"]
[BlackElo "2334"]
[PlyCount "153"]
[EventDate "2017.07.14"]
[EventType "swiss"]
[EventRounds "9"]
[EventCountry "GEO"]
[SourceTitle "CBM 179 Extra"]
[Source "ChessBase"]
[SourceDate "2017.08.23"]
[SourceVersion "1"]
[SourceVersionDate "2017.08.23"]
[SourceQuality "1"]

1. d4 Nf6 2. c4 g6 3. Nc3 Bg7 4. e4 d6 5. Nf3 0-0 6. Be2 c6 7. 0-0 e5 8. d5 Na6 9. Be3 Ng4 10. Bg5 f6 11. Bh4 c5 12. Ne1 h5 13. a3 Nh6 14. h3 Bd7 15. Nd3 Qe7 16. b4 b6 17. b5 Nc7 18. a4 g5 19. Bg3 h4 20. Bh2 f5 21. f3 g4 22. fxg4 fxg4 23. Rxf8+ Rxf8 24. hxg4 Qg5 25. Qc1 Qg6 26. Nf2 Nxg4 27. Nxg4 Bxg4 28. Bxg4 Qxg4 29. Qe3 a5 30. bxa6 Nxa6 31. Rf1 Nb4 32. Rxf8+ Bxf8 33. Kf1 Be7 34. Qh6 Kf7 35. Bg1 Nd3 36. Be3 Nb2 37. Qh7+ Ke8 38. Qh8+ Kd7 39. Qa8 Nxc4 40. Qc6+ Kd8 41. Qa8+ Qc8 42. Qxc8+ Kxc8 43. Ke2 Kb7 44. Bc1 Ka6 45. Kd3 Na5 46. Kc2 Nb7 47. Kb3 Nd8 48. Nb5 Kb7 49. Kc4 Nf7 50. Bd2 Kc8 51. Kd3 Kd7 52. Ke2 Bg5 53. Be1 Nh8 54. Kf3 Ng6 55. Kg4 Be7 56. Bd2 Nf8 57. Be1 Ng6 58. Bd2 Nf8 59. Na3 Nh7 60. Nc4 Nf6+ 61. Kf5 Bd8 62. Bg5 Nxe4 63. Kxe4 Bxg5 64. Nxb6+ Kc7 65. Nc4 Bd8 66. Kf5 Kd7 67. a5 Bc7 68. Kg4 Kc8 69. Kxh4 Kb7 70. g4 Ka6 71. g5 Kb5 72. g6 Bd8+ 73. Kg4 Bf6 74. Kf5 Bh8 75. Nxd6+ Kxa5 76. Nc4+ Kb5 77. d6 1-0

[Event "Poti op 12th"]
[Site "Poti"]
[Date "2017.07.17"]
[Round "4"]
[White "Kalashian, David"]
[Black "Zontakh, Andrey"]
[Result "1/2-1/2"]
[WhiteElo "2379"]
[BlackElo "2520"]
[PlyCount "88"]
[EventDate "2017.07.14"]
[EventType "swiss"]
[EventRounds "9"]
[EventCountry "GEO"]
[SourceTitle "CBM 179 Extra"]
[Source "ChessBase"]
[SourceDate "2017.08.23"]
[SourceVersion "1"]
[SourceVersionDate "2017.08.23"]
[SourceQuality "1"]

1. c4 e6 2. Nc3 d5 3. d4 a6 4. e3 Nf6 5. Nf3 dxc4 6. a4 c5 7. Bxc4 Nc6 8. 0-0 Be7 9. Qe2 cxd4 10. Rd1 e5 11. exd4 exd4 12. Nxd4 Nxd4 13. Qe5 Qd6 14. Qxd6 Bxd6 15. Rxd4 Be5 16. Rd1 0-0 17. Re1 Re8 18. Bg5 Bd7 19. a5 Rac8 20. Bxf6 Bxf6 21. Bd5 Rxe1+ 22. Rxe1 Rc7 23. Bf3 Bxc3 24. bxc3 Kf8 25. h3 Rxc3 26. Bxb7 Bb5 27. Re5 Rc7 28. Bf3 f6 29. Re1 Rc3 30. Be4 g6 31. Bb7 Rc7 32. Bf3 f5 33. g4 Rc3 34. Kg2 fxg4 35. hxg4 Ra3 36. Rc1 Rxa5 37. Rc7 h6 38. Be4 Be8 39. f4 Ra3 40. f5 Re3 41. Bd5 gxf5 42. gxf5 Re7 43. Rc8 Kg7 44. Kg3 Bf7 1/2-1/2

[Event "Poti op 12th"]
[Site "Poti"]
[Date "2017.07.14"]
[Round "1"]
[White "Tsomaia, Nikoloz"]
[Black "Zontakh, Andrey"]
[Result "1/2-1/2"]
[WhiteElo "2238"]
[BlackElo "2520"]
[PlyCount "74"]
[EventDate "2017.07.14"]
[EventType "swiss"]
[EventRounds "9"]
[EventCountry "GEO"]
[SourceTitle "CBM 179 Extra"]
[Source "ChessBase"]
[SourceDate "2017.08.23"]
[SourceVersion "1"]
[SourceVersionDate "2017.08.23"]
[SourceQuality "1"]

1. e4 c6 2. d4 d5 3. exd5 cxd5 4. Bd3 Nc6 5. c3 Qc7 6. Ne2 Bg4 7. f3 Bd7 8. Bf4 e5 9. dxe5 Nxe5 10. 0-0 Bd6 11. Kh1 Ne7 12. Na3 a6 13. Nc2 0-0 14. Ncd4 Rad8 15. Qc2 N7g6 16. Bg3 Rfe8 17. Rfe1 b5 18. a3 Nxd3 19. Qxd3 Ne5 20. Qc2 Nc4 21. Bxd6 Qxd6 22. Ng3 Re5 23. Rxe5 Qxe5 24. b3 Re8 25. Qc1 Ne3 26. Ra2 Nf5 27. Re2 Nxg3+ 28. hxg3 Qxg3 29. Rxe8+ Bxe8 30. Qe3 Qh4+ 31. Kg1 Bd7 32. Qe5 h6 33. Qxd5 Qe1+ 34. Kh2 Qe7 35. Kg3 Qe1+ 36. Kh2 Qh4+ 37. Kg1 Qe1+ 1/2-1/2

[Event "Voronezh op-A 21st"]
[Site "Voronezh"]
[Date "2017.06.19"]
[Round "7"]
[White "Nihal, Sarin"]
[Black "Zontakh, Andrey"]
[Result "1-0"]
[WhiteElo "2454"]
[BlackElo "2528"]
[PlyCount "81"]
[EventDate "2017.06.12"]
[EventType "swiss"]
[EventRounds "9"]
[EventCountry "RUS"]
[SourceTitle "EXT 2018"]
[Source "ChessBase"]
[SourceDate "2017.10.13"]
[SourceVersion "1"]
[SourceVersionDate "2017.10.13"]
[SourceQuality "1"]

1. e4 c5 2. Nf3 e6 3. d4 cxd4 4. Nxd4 a6 5. Bd3 Nf6 6. Qe2 d6 7. c4 g6 8. Nc3 Bg7 9. 0-0 0-0 10. Rd1 Nfd7 11. Nf3 Nc6 12. h3 Qc7 13. Bf4 Bxc3 14. bxc3 e5 15. Bh6 Rd8 16. Nh2 Nc5 17. Bg5 Rf8 18. Bh6 Re8 19. Nf1 Qe7 20. Be3 Ne6 21. Qd2 Qf6 22. Bb6 Nf4 23. Ne3 Qg5 24. Kh2 f5 25. Bf1 fxe4 26. Qxd6 Rf8 27. Nd5 Bf5 28. Be3 Rad8 29. Qc5 Qh5 30. Ne7+ Kf7 31. Rxd8 Rxd8 32. Nxc6 bxc6 33. Rb1 Rd1 34. Rb8 Ne6 35. Qa7+ Kf6 36. Re8 g5 37. Qe7+ Kg6 38. Rg8+ Kh6 39. Qf6+ Bg6 40. Be2 Qxe2 41. Rxg6+ 1-0

[Event "Voronezh op-A 21st"]
[Site "Voronezh"]
[Date "2017.06.14"]
[Round "3"]
[White "Nesterov, Arseniy"]
[Black "Zontakh, Andrey"]
[Result "1/2-1/2"]
[WhiteElo "2382"]
[BlackElo "2528"]
[PlyCount "54"]
[EventDate "2017.06.12"]
[EventType "swiss"]
[EventRounds "9"]
[EventCountry "RUS"]
[SourceTitle "EXT 2018"]
[Source "ChessBase"]
[SourceDate "2017.10.13"]
[SourceVersion "1"]
[SourceVersionDate "2017.10.13"]
[SourceQuality "1"]

1. d4 Nf6 2. c4 e6 3. Nc3 Bb4 4. e3 0-0 5. Bd3 d5 6. Nf3 c5 7. 0-0 Nc6 8. cxd5 exd5 9. dxc5 Bxc5 10. h3 a6 11. Ne2 Ne4 12. a3 Qf6 13. Nf4 Rd8 14. Qc2 Bf5 15. Nxd5 Rxd5 16. Bxe4 Re8 17. Bxf5 Rxf5 18. Bd2 Rxf3 19. Qxc5 Rxh3 20. gxh3 Re5 21. Qc3 Rg5+ 22. Kh2 Qf3 23. Rg1 Qxf2+ 24. Kh1 Qf3+ 25. Kh2 Qf2+ 26. Kh1 Qf3+ 27. Kh2 Qf2+ 1/2-1/2

[Event "Voronezh op-A 21st"]
[Site "Voronezh"]
[Date "2017.06.13"]
[Round "2"]
[White "Zontakh, Andrey"]
[Black "Anchutin, Nikita"]
[Result "1-0"]
[WhiteElo "2528"]
[BlackElo "2282"]
[PlyCount "97"]
[EventDate "2017.06.12"]
[EventType "swiss"]
[EventRounds "9"]
[EventCountry "RUS"]
[SourceTitle "EXT 2018"]
[Source "ChessBase"]
[SourceDate "2017.10.13"]
[SourceVersion "1"]
[SourceVersionDate "2017.10.13"]
[SourceQuality "1"]

1. d4 d5 2. c4 c6 3. e3 Nf6 4. Nc3 e6 5. Nf3 Nbd7 6. Bd3 Bd6 7. 0-0 0-0 8. e4 dxe4 9. Nxe4 Nxe4 10. Bxe4 Nf6 11. Bg5 Be7 12. Bxf6 Bxf6 13. c5 Qc7 14. Qc2 g6 15. Qc3 Rd8 16. Rfd1 b6 17. Rac1 bxc5 18. Qxc5 Rb8 19. b3 Rb6 20. Bxc6 Bb7 21. Bxb7 Qxb7 22. Qc7 Qxc7 23. Rxc7 Ra6 24. Rd2 h5 25. h4 Ra3 26. g3 a5 27. Kg2 Rd5 28. Ra7 Kg7 29. Rc2 Bxd4 30. Nxd4 Rxd4 31. Rcc7 Rxa2 32. Rxf7+ Kg8 33. Rfc7 Rd8 34. Rg7+ Kf8 35. Rh7 Kg8 36. Rag7+ Kf8 37. Rxg6 Rb2 38. Rf6+ Kg8 39. Rxh5 Ra8 40. Rg5+ Kh7 41. Rb5 e5 42. Kf3 Ra7 43. Rf5 Kg6 44. g4 Rc7 45. h5+ Kg7 46. g5 Rc3+ 47. Kg4 Rb1 48. Rb7+ Kg8 49. Rxe5 1-0

[Event "Voronezh op-A 21st"]
[Site "Voronezh"]
[Date "2017.06.12"]
[Round "1"]
[White "Klimentov, Evgeny"]
[Black "Zontakh, Andrey"]
[Result "1/2-1/2"]
[WhiteElo "2259"]
[BlackElo "2528"]
[PlyCount "80"]
[EventDate "2017.06.12"]
[EventType "swiss"]
[EventRounds "9"]
[EventCountry "RUS"]
[SourceTitle "EXT 2018"]
[Source "ChessBase"]
[SourceDate "2017.10.13"]
[SourceVersion "1"]
[SourceVersionDate "2017.10.13"]
[SourceQuality "1"]

1. e4 c6 2. c4 d5 3. exd5 cxd5 4. cxd5 Nf6 5. Nc3 Nxd5 6. Nf3 Nxc3 7. bxc3 e6 8. d4 Qc7 9. Bd2 Bd6 10. Bd3 Nd7 11. 0-0 b6 12. Re1 Bb7 13. h3 0-0 14. c4 Rad8 15. Bc3 Rfe8 16. Qe2 Bxf3 17. Qxf3 e5 18. Rac1 exd4 19. Rxe8+ Rxe8 20. Bxd4 Be5 21. Be3 g6 22. Be4 Nf6 23. Bd5 Nxd5 24. cxd5 Qd6 25. Bg5 f6 26. Be3 Rd8 27. Rd1 Qb4 28. Qe2 Qa4 29. f4 Bxf4 30. Bxf4 Qxf4 31. Qe6+ Kf8 32. Rf1 Qd4+ 33. Kh1 f5 34. Rxf5+ gxf5 35. Qxf5+ Ke7 36. Qe6+ Kf8 37. Qf5+ Ke8 38. Qe6+ Kf8 39. Qf5+ Ke7 40. Qe6+ Kf8 1/2-1/2

[Event "Voronezh IM"]
[Site "Voronezh"]
[Date "2017.02.13"]
[Round "7"]
[White "Zontakh, Andrey"]
[Black "Provotorov, Ivan"]
[Result "1-0"]
[WhiteElo "2522"]
[BlackElo "2350"]
[PlyCount "65"]
[EventDate "2017.02.07"]
[EventType "tourn"]
[EventRounds "9"]
[EventCountry "RUS"]
[EventCategory "5"]
[SourceTitle "CBM 176 Extra"]
[Source "ChessBase"]
[SourceDate "2017.03.02"]
[SourceVersion "1"]
[SourceVersionDate "2017.03.02"]
[SourceQuality "1"]

1. d4 d5 2. c4 c6 3. Nf3 Nf6 4. Nc3 a6 5. a4 e6 6. Bg5 Nbd7 7. e3 Qa5 8. cxd5 cxd5 9. Bd3 Ne4 10. 0-0 Nxg5 11. Nxg5 Nf6 12. f4 g6 13. Qe1 Qb4 14. Rc1 Bd7 15. Qh4 Bg7 16. Rf2 Rc8 17. h3 h6 18. Nf3 Ne4 19. Bxe4 dxe4 20. Ne5 Bxa4 21. Rcf1 Rxc3 22. bxc3 Qxc3 23. Ng4 Bb5 24. Rd1 0-0 25. f5 exf5 26. Nxh6+ Bxh6 27. Qxh6 Rc8 28. Kh2 Qb3 29. Rg1 Rc2 30. Rxc2 Qxc2 31. Qf4 Bc6 32. Rf1 a5 33. Qb8+ 1-0

[Event "Voronezh IM"]
[Site "Voronezh"]
[Date "2017.02.12"]
[Round "6"]
[White "Ioffe, Ilya"]
[Black "Zontakh, Andrey"]
[Result "0-1"]
[WhiteElo "2280"]
[BlackElo "2522"]
[PlyCount "66"]
[EventDate "2017.02.07"]
[EventType "tourn"]
[EventRounds "9"]
[EventCountry "RUS"]
[EventCategory "5"]
[SourceTitle "CBM 176 Extra"]
[Source "ChessBase"]
[SourceDate "2017.03.02"]
[SourceVersion "1"]
[SourceVersionDate "2017.03.02"]
[SourceQuality "1"]

1. e4 c6 2. d4 d5 3. exd5 cxd5 4. Bd3 Nc6 5. c3 Qc7 6. h3 Nf6 7. Nf3 g6 8. 0-0 Bg7 9. Qc2 0-0 10. Re1 Nh5 11. Be3 a6 12. Qd2 b5 13. Na3 Bb7 14. Bh6 f6 15. Bxg7 Kxg7 16. Bf1 Rad8 17. Nc2 e5 18. dxe5 fxe5 19. a4 Nf4 20. axb5 axb5 21. Qe3 Rde8 22. Bxb5 d4 23. cxd4 Nxg2 24. Kxg2 Rxf3 25. Qxf3 Nb4 26. d5 Bxd5 27. Qxd5 Nxd5 28. Bxe8 Nf4+ 29. Kf3 Qxc2 30. Rxe5 Nxh3 31. Rf1 Qd3+ 32. Kg2 Nf4+ 33. Kg1 Qf3 0-1

[Event "Voronezh IM"]
[Site "Voronezh"]
[Date "2017.02.11"]
[Round "5"]
[White "Zontakh, Andrey"]
[Black "Aminov, Andrey"]
[Result "1-0"]
[WhiteElo "2522"]
[BlackElo "2319"]
[PlyCount "91"]
[EventDate "2017.02.07"]
[EventType "tourn"]
[EventRounds "9"]
[EventCountry "RUS"]
[EventCategory "5"]
[SourceTitle "CBM 176 Extra"]
[Source "ChessBase"]
[SourceDate "2017.03.02"]
[SourceVersion "1"]
[SourceVersionDate "2017.03.02"]
[SourceQuality "1"]

1. d4 Nf6 2. c4 g6 3. Nc3 Bg7 4. e4 d6 5. Nf3 0-0 6. Be2 e5 7. d5 Nbd7 8. Be3 Re8 9. Nd2 Kh8 10. g4 Ng8 11. h4 f5 12. f3 Ndf6 13. h5 f4 14. Bf2 gxh5 15. g5 Nd7 16. Rxh5 Re7 17. Qc2 Qe8 18. Rh1 b6 19. 0-0-0 Bf8 20. Rdg1 Rg7 21. Qa4 Qd8 22. Bf1 Be7 23. g6 h6 24. Bh3 Nf8 25. Bf5 Bd7 26. Bxd7 Nxd7 27. Rg2 Nf8 28. Rhg1 Bh4 29. Bxh4 Qxh4 30. Qa6 Qd8 31. Nb5 Ne7 32. Rh1 Ng8 33. b4 Qc8 34. Qxc8 Rxc8 35. Nxa7 Ra8 36. Nb5 Rxa2 37. Kb1 Ra4 38. Kb2 Rxb4+ 39. Ka3 Rxb5 40. cxb5 Nxg6 41. Nf1 Kh7 42. Nh2 h5 43. Ng4 h4 44. Rc2 Nh6 45. Nf6+ Kh8 46. Ne8 1-0

[Event "Voronezh IM"]
[Site "Voronezh"]
[Date "2017.02.08"]
[Round "2"]
[White "Peskov, Alexsey"]
[Black "Zontakh, Andrey"]
[Result "0-1"]
[WhiteElo "2389"]
[BlackElo "2522"]
[PlyCount "58"]
[EventDate "2017.02.07"]
[EventType "tourn"]
[EventRounds "9"]
[EventCountry "RUS"]
[EventCategory "5"]
[SourceTitle "CBM 176 Extra"]
[Source "ChessBase"]
[SourceDate "2017.03.02"]
[SourceVersion "1"]
[SourceVersionDate "2017.03.02"]
[SourceQuality "1"]

1. d4 Nf6 2. Nf3 e6 3. e3 b6 4. Bd3 Bb7 5. Nbd2 c5 6. 0-0 Be7 7. c3 d5 8. Ne5 0-0 9. f4 Ne4 10. Nxe4 dxe4 11. Bc4 Bd5 12. Bxd5 exd5 13. f5 Qd6 14. Bd2 f6 15. Ng4 Nc6 16. Nf2 Qd7 17. Qh5 Bd6 18. Nh3 Ne7 19. Rf2 g6 20. fxg6 hxg6 21. Qh6 Rf7 22. Ng5 fxg5 23. Rxf7 Kxf7 24. Qh7+ Ke6 25. Rf1 Qe8 26. dxc5 bxc5 27. c4 Qh8 28. Qf7+ Kd7 29. g3 Qe5 0-1

[Event "Voronezh op-A 20th"]
[Site "Voronezh"]
[Date "2016.06.19"]
[Round "8"]
[White "Ulko, Jaroslav"]
[Black "Zontakh, Andrey"]
[Result "0-1"]
[WhiteElo "2446"]
[BlackElo "2526"]
[PlyCount "58"]
[EventDate "2016.06.12"]
[EventType "swiss"]
[EventRounds "9"]
[EventCountry "RUS"]
[SourceTitle "CBM 173 Extra"]
[Source "ChessBase"]
[SourceDate "2016.08.29"]
[SourceVersion "1"]
[SourceVersionDate "2016.08.29"]
[SourceQuality "1"]

1. Nf3 Nf6 2. c4 e6 3. Nc3 Bb4 4. Qc2 c5 5. e3 0-0 6. Be2 d5 7. 0-0 b6 8. b3 Bb7 9. Bb2 Nc6 10. Na4 Rc8 11. a3 Ba5 12. Rfd1 Qe7 13. Rac1 Rfd8 14. cxd5 exd5 15. Qf5 d4 16. Bc4 a6 17. exd4 b5 18. Nxc5 bxc4 19. Re1 Qc7 20. Rxc4 Ne7 21. Qg5 h6 22. Qg3 Bd5 23. Ra4 Nf5 24. Qh3 Bxf3 25. Qxf3 Bxd2 26. Rd1 Qf4 27. Qd3 Ng4 28. Qxd2 Qxh2+ 29. Kf1 Re8 0-1

[Event "Voronezh op-A 20th"]
[Site "Voronezh"]
[Date "2016.06.13"]
[Round "2"]
[White "Rodin, Dmitrij"]
[Black "Zontakh, Andrey"]
[Result "1/2-1/2"]
[WhiteElo "2371"]
[BlackElo "2526"]
[PlyCount "81"]
[EventDate "2016.06.12"]
[EventType "swiss"]
[EventRounds "9"]
[EventCountry "RUS"]
[SourceTitle "CBM 173 Extra"]
[Source "ChessBase"]
[SourceDate "2016.08.29"]
[SourceVersion "1"]
[SourceVersionDate "2016.08.29"]
[SourceQuality "1"]

1. e4 c5 2. Nf3 e6 3. d4 cxd4 4. Nxd4 a6 5. Bd3 Nf6 6. 0-0 Qc7 7. Qe2 d6 8. c4 g6 9. b3 Bg7 10. Bb2 0-0 11. Nd2 b6 12. Rae1 Nbd7 13. Bb1 Bb7 14. f4 e5 15. fxe5 dxe5 16. Nc2 Nc5 17. Nb4 Ncxe4 18. Nxe4 Nxe4 19. Bxe4 Bxe4 20. Qxe4 Qc5+ 21. Kh1 Qxb4 22. Bxe5 Rae8 23. Qd5 Rxe5 24. Rxe5 Bxe5 25. Qxe5 Qa3 26. Qe2 a5 27. h3 a4 28. Qc2 axb3 29. axb3 Qb4 30. Qd3 h5 31. Qf3 Qc5 32. Qd3 Re8 33. Qf3 Re7 34. Qf6 Qe3 35. Rf3 Qe1+ 36. Rf1 Qe6 37. Kg1 Qe3+ 38. Kh1 Qe6 39. Kg1 Qe3+ 40. Kh1 Qe6 41. Kg1 1/2-1/2

[Event "Voronezh op-A 19th"]
[Site "Voronezh"]
[Date "2015.06.20"]
[Round "9"]
[White "Zontakh, Andrey"]
[Black "Chekhov, Sergey"]
[Result "1/2-1/2"]
[WhiteElo "2538"]
[BlackElo "2476"]
[PlyCount "80"]
[EventDate "2015.06.12"]
[EventType "swiss"]
[EventRounds "9"]
[EventCountry "RUS"]
[SourceTitle "CBM 167 Extra"]
[Source "ChessBase"]
[SourceDate "2015.09.14"]
[SourceVersion "1"]
[SourceVersionDate "2015.09.14"]
[SourceQuality "1"]

1. d4 Nf6 2. c4 e6 3. Nf3 b6 4. g3 Bb7 5. Bg2 Be7 6. 0-0 0-0 7. Re1 Na6 8. Nc3 Ne4 9. Qc2 Nxc3 10. bxc3 f5 11. Ne5 Bxg2 12. Kxg2 Bf6 13. Nf3 Qc8 14. Bf4 Qb7 15. e4 fxe4 16. Rxe4 c5 17. Rae1 cxd4 18. cxd4 Qc6 19. Qd3 Rac8 20. d5 Nc5 21. Qd1 Qa4 22. Qxa4 Nxa4 23. dxe6 dxe6 24. Rxe6 Rxc4 25. Bd6 Rfc8 26. Ne5 Rc2 27. Ng4 Bc3 28. Re8+ Rxe8 29. Rxe8+ Kf7 30. Re7+ Kg8 31. a3 a5 32. Re8+ Kf7 33. Re4 b5 34. Re7+ Kg8 35. Rb7 Rb2 36. Be5 Bxe5 37. Nxe5 h5 38. Nc6 Nc3 39. Nxa5 Nd1 40. Kg1 Nxf2 1/2-1/2

[Event "Voronezh op-A 19th"]
[Site "Voronezh"]
[Date "2015.06.19"]
[Round "8"]
[White "Tarasov, Alexandr"]
[Black "Zontakh, Andrey"]
[Result "0-1"]
[WhiteElo "2309"]
[BlackElo "2538"]
[PlyCount "102"]
[EventDate "2015.06.12"]
[EventType "swiss"]
[EventRounds "9"]
[EventCountry "RUS"]
[SourceTitle "CBM 167 Extra"]
[Source "ChessBase"]
[SourceDate "2015.09.14"]
[SourceVersion "1"]
[SourceVersionDate "2015.09.14"]
[SourceQuality "1"]

1. d4 Nf6 2. Nf3 g6 3. g3 Bg7 4. Bg2 c5 5. c4 Qa5+ 6. Bd2 Qb6 7. Qb3 Ne4 8. Qxb6 axb6 9. Nc3 Nxd2 10. Kxd2 cxd4 11. Nb5 0-0 12. Nfxd4 Nc6 13. e3 Rd8 14. f4 Nxd4 15. exd4 d6 16. Rhe1 e6 17. Kc3 Rb8 18. a4 Bd7 19. Kd3 Be8 20. b3 Bf6 21. Ra2 h5 22. h3 Kg7 23. g4 hxg4 24. hxg4 g5 25. fxg5 Bxg5 26. Be4 d5 27. cxd5 exd5 28. Bf5 Bxb5+ 29. axb5 Rh8 30. Kc2 Rh2+ 31. Kb1 Rh3 32. Kc2 Rbh8 33. Re2 Rg3 34. Ra7 Rhh3 35. Rxb7 Rc3+ 36. Kb1 Rxb3+ 37. Rb2 Ra3 38. Re2 Rh1+ 39. Kb2 Bc1+ 40. Kb1 Rb3+ 41. Ka2 Rxb5 42. Be6 Ra5+ 43. Kb1 Rb5+ 44. Ka2 Rf1 45. Ra7 Rb4 46. Bxd5 Rxd4 47. Be6 b5 48. Bf5 Bg5 49. Kb2 Bf6 50. Kc2 Rc4+ 51. Kd3 Rf3+ 0-1

[Event "Voronezh op-A 19th"]
[Site "Voronezh"]
[Date "2015.06.18"]
[Round "7"]
[White "Zontakh, Andrey"]
[Black "Monnisha, GK."]
[Result "1-0"]
[WhiteElo "2538"]
[BlackElo "2158"]
[PlyCount "77"]
[EventDate "2015.06.12"]
[EventType "swiss"]
[EventRounds "9"]
[EventCountry "RUS"]
[SourceTitle "CBM 167 Extra"]
[Source "ChessBase"]
[SourceDate "2015.09.14"]
[SourceVersion "1"]
[SourceVersionDate "2015.09.14"]
[SourceQuality "1"]

1. d4 Nf6 2. c4 e6 3. Nf3 d5 4. g3 Bb4+ 5. Nc3 Ne4 6. Qc2 c5 7. Bg2 Qa5 8. 0-0 Bxc3 9. bxc3 Qxc3 10. Qxc3 Nxc3 11. cxd5 Nxd5 12. Ba3 Nc6 13. Bxc5 b6 14. Ba3 Ba6 15. Rfc1 Rc8 16. e4 Nf6 17. d5 Ne7 18. Rxc8+ Nxc8 19. dxe6 fxe6 20. Ng5 h6 21. Nxe6 Kf7 22. Nc7 Bb7 23. e5 Bxg2 24. Kxg2 Ne4 25. Rd1 Nc5 26. Bxc5 bxc5 27. Rc1 Nb6 28. Rxc5 Rc8 29. f4 g5 30. Kf3 gxf4 31. gxf4 Rd8 32. f5 Rd3+ 33. Ke4 Rd2 34. Nb5 Rxa2 35. Rc7+ Kf8 36. f6 Rf2 37. Nd6 Rxh2 38. Rh7 Kg8 39. f7+ 1-0

[Event "Voronezh op-A 19th"]
[Site "Voronezh"]
[Date "2015.06.16"]
[Round "5"]
[White "Zontakh, Andrey"]
[Black "Ulko, Jaroslav"]
[Result "0-1"]
[WhiteElo "2538"]
[BlackElo "2460"]
[PlyCount "80"]
[EventDate "2015.06.12"]
[EventType "swiss"]
[EventRounds "9"]
[EventCountry "RUS"]
[SourceTitle "CBM 167 Extra"]
[Source "ChessBase"]
[SourceDate "2015.09.14"]
[SourceVersion "1"]
[SourceVersionDate "2015.09.14"]
[SourceQuality "1"]

1. d4 Nf6 2. c4 g6 3. Nc3 Bg7 4. e4 d6 5. Nf3 0-0 6. Be2 e5 7. 0-0 Nc6 8. d5 Ne7 9. b4 a5 10. Ba3 axb4 11. Bxb4 Nd7 12. a4 Bh6 13. a5 f5 14. Bd3 Nf6 15. c5 fxe4 16. Nxe4 Nxe4 17. Bxe4 Bf5 18. cxd6 cxd6 19. Re1 Bxe4 20. Rxe4 Qd7 21. Qd3 Rf6 22. Nd2 Raf8 23. Nc4 Bf4 24. Bc3 g5 25. g3 Qh3 26. Rd1 Rh6 27. gxf4 Qxh2+ 28. Kf1 Rh3 29. Re3 Qxf4 30. Be1 Rh2 31. Rf3 Rh1+ 32. Ke2 Qg4 33. Nxe5 dxe5 34. d6 Nc6 35. Qb3+ Kh8 36. d7 Rh3 37. Rdd3 Rhxf3 38. Rxf3 Nd4+ 39. Kf1 Nxf3 40. Qd5 Nh2# 0-1